In your wildest dreams (Registro nro. 8814)

Detalles MARC
000 -LIDER
fixed length control field 00732nam a22002417a 4500
001 - NÚMERO DE CONTROL
Identificador de número de control 0137
003 - IDENTIFICACDOR DE NÚMERO DE CONTROL
control field DO-SdBNP
005 - DATE AND TIME OF LATEST TRANSACTION
control field 20151119113310.0
007 - CAMPOS FIJOS DE DESCRIPCIÓN FÍSICA
fixed length control field 0137
008 - ELEMENTOS DE LONGITUD FIJA
fixed length control field 151005b1997 xxu 00| 0 spa d
020 ## - ISBN
International Standard Book Number 0673811441
040 ## - FUENTE DE CATALOGACIÓN
Agencia que crea de manera original el registro BPMSU
Idioma de catalogación spa
Agencia que realiza la transcripción BPMSU
092 ## - LOCALLY ASSIGNED DEWEY DECIMAL CALL NUMBER
Número de clasificación XXXX
Número de ítem (Cutter) XXXX
245 03 - MENCIÓN DE TITULO
Título In your wildest dreams
Subtítulo imagination at work /
260 ## - PUBLICACIÓN, DISTRIBUCIÓN, ETC. (PIE DE IMPRENTA)
Lugar de publicación, distribución, etc Illinois, Estados Unidos :
Nombre del editor, distribuidor, etc. Scott Foresman,
Fecha de publicación, distribución, etc 1997.
300 ## - DESCRIPCIÓN FÍSICA
Extensión 128 p. :
Otros detalles físicos il., retrs.
Dimensiones 26 cm.
500 ## - NOTA GENERAL
Nota general Libro en ingles
505 1# - NOTA DE CONTENIDO
Título Introducción --
-- Jóvenes depredadores --
-- Aves --
-- Hechos para correr --
-- La lucha por la vida --
-- El vínculo materno --
521 1# - TARGET AUDIENCE NOTE
Target audience note A partir de los 12 años
910 ## - VALIDACIÓN
Validación 202
942 ## - ADDED ENTRY ELEMENTS (KOHA)
Source of classification or shelving scheme Dewey Decimal Classification
Koha item type Libros
956 ## - LOCAL ELECTRONIC LOCATION AND ACCESS (OCLC)
Nombre de host Yngrid Lockward
Existencias
Withdrawn status Lost status Source of classification or shelving scheme Damaged status Not for loan Collection code Home library Current library Date acquired Source of acquisition Total Checkouts Barcode Date last seen Price effective from Koha item type
    Dewey Decimal Classification       Biblioteca Pública Metropolitana Salomé Ureña Biblioteca Pública Metropolitana Salomé Ureña 11/19/2015 Donación   BPMET15110383 11/19/2015 11/19/2015 Libros